LEADER 02656nam--2200481---450- 001 990003335250203316 005 20120119140646.0 010 $a978-92-9168-348-2 035 $a000333525 035 $aUSA01000333525 035 $a(ALEPH)000333525USA01 035 $a000333525 100 $a20091016d2009----km-y0itay50------ba 101 0 $aeng 102 $aLU 105 $a||||||||001yy 200 1 $aInternet-based drug treatment interventions$ebest practice and application in EU member states$fprepared by Dr Hans-Peter Tossmann and Fabian Leuschner$gEuropean monitoring centre for drugs and drug addiction 210 $aLuxembourg$cOffice for official publications of the European Communities$d2009 215 $a89 p.$cill.$d24 cm 225 2 $aEMCDDA insights$v10 330 $aThis report provides a comprehensive review of the relatively new phenomenon of Internet-based drug treatment interventions (DTI). It presents a sample of Internet-based DTI programmes across Europe and outlines their methodologies, providing a series of screenshots to further demonstrate the websites? content and to provide an overall impression of the types of online treatment available. This publication is a useful resource for researchers, policymakers and the general public, to gain an insight into the potential for the Internet to become a new channel for drug treatment intervention. [abstract tratto dalla pubblicazione] 410 0$12001$aEMCDDA insights 606 0 $aDroghe$xConsumo$yPaesi della Comunità europea$2BNCF 606 0 $aTossicodipendenti$xAssistenza sociale$yPaesi della Comunità europea$2BNCF$yPaesi della Comunità europea 606 0 $aInternet$xServizi sanitari$xImpiego$yPaesi della Comunità europea$2BNCF 676 $a362.29094 699 $a02.04$bTossicomania 700 1$aTOSSMANN,$bHans-Peter$0606477 701 1$aLEUSCHNER,$bFabian$0606478 712 02$aOSSERVATORIO EUROPEO DELLE DROGHE E DELLE TOSSICODIPENDENZE 801 0$aIT$bsalbc$gISBD 856 4 $uhttp://www.emcdda.europa.eu$4.$zAccesso libero online 856 4 $uhttp://bookshop.europa.eu/en/internet-based-drug-treatment-interventions-best-practice-and-applications-in-eu-member-states--pbTDXD09010/$4.$zAccesso libero online 912 $a990003335250203316 951 $aCDE 02.04 (VII)$bCDE 2376$cCDE 02.04$d00184682 959 $aBK 969 $aCDE 979 $aCDE$b10$c20091016$lUSA01$h1211 979 $aCDE$b10$c20091029$lUSA01$h1349 979 $aMARIAS$b90$c20100119$lUSA01$h1455 979 $aMARIAS$b90$c20120119$lUSA01$h1406 996 $aInternet-based drug treatment interventions$91120738 997 $aUNISA LEADER 00903nam0-22003131i-450 001 990007439300403321 005 20251128122821.0 010 $a2-907653-72-5 035 $a000743930 035 $aFED01000743930 035 $a(Aleph)000743930FED01 035 $a000743930 100 $a20030528d2000----km-y0itay50------ba 101 0 $afre 102 $aFR 105 $aa---a---001yy 200 1 $a<>envol de la grue$eapproche des processus cognitifs et de la gestion du mouvement par le Taiji Quan et certaines traditions d'Asie$fRam 210 $aMéolans-Revel$cDésIris$d2000 215 $a335 p.$c72 fig.$d24 cm 610 0 $aTaiji Quan 676 $a181$v20$zita 700 1$aRam$0416714 801 0$aIT$bUNINA$gRICA$2UNIMARC 901 $aBK 912 $a990007439300403321 952 $a199.63 RAM 01$fFLFBC 959 $aFLFBC 996 $aEnvol de la grue$9678798 997 $aUNINA